[Event "HCL-C3991"]
[Site "www.playchess.de"]
[Date "2006.03.01"]
[Round "3"]
[White "GhostDog"]
[Black "JuliusCaesar"]
[WhiteElo "1060"]
[BlackElo "1153"]
[PlyCount "156"]
[Result "1/2-1/2"]

1.e4 c5 {Have a nice game!}  2.Nf3 {Thanks! Have a 
nice game!}  Nc6 3.c3 e6 4.d4 cxd4 5.cxd4 Nf6 
6.Nc3 Bb4 7.Bd3 O-O 8.O-O Bxc3 9.bxc3 h6 10.Ba3 
Re8 11.Qe2 a6 12.e5 Nd5 13.Rac1 b5 14.Qe4 g6 15.h3 
Kg7 16.c4 bxc4 17.Bxc4 Nb6 18.d5 exd5 19.Bxd5 Nxd5 
20.Qxd5 Bb7 21.Qb3 Rb8 22.Bb2 Kg8 23.Qe3 Kh7 
24.Rcd1 Qc7 25.Rfe1 Ne7 26.e6 dxe6 27.Be5 Qc8 
28.Bxb8 Qxb8 29.Nd2 Nf5 30.Qe5 Qa7 31.Qc7 Re7 
32.Qd8 Bd5 33.Rdb1 Rd7 34.Qe8 Re7 35.Qd8 Qd7 
36.Qxd7 Rxd7 37.g4 Nd6 38.Rb6 Bxa2 39.Rxa6 Bd5 
40.Rea1 Kg7 41.h4 Ne8 42.Rb1 Nf6 43.f3 Rc7 44.Kf2 
Rc2 45.Ke3 Rc3+ 46.Kf4 Rd3 47.Ne4 Rd4 48.g5 Nxe4 
49.gxh6+ Kxh6 50.fxe4 Rxe4+ 51.Kg3 Kh5 52.Rb8 Re3+ 
53.Kf4 Rf3+ 54.Ke5 Kxh4 55.Ra1 Kg5 56.Rg1+ Kh6 
57.Rh1+ Kg7 58.Rhh8 f6+ 59.Kd6 f5 60.Ke7 e5 61.Kd6 
Rd3 62.Kxe5 Ba2 63.Rh2 Bc4 64.Rbh8 Rd5+ 65.Kf4 Kf6 
66.R8h6 Rd4+ 67.Kg3 f4+ 68.Kg4 Bd5 69.Rf2 f3+ 
70.Kg3 Rd3 71.Rhh2 Kf5 72.Rfd2 f2+ 73.Rxd3 f1Q 
74.Rf2+ Qxf2+ 75.Kxf2 Be4 76.Rd6 Ke5 77.Rd8 Bf5 
78.Ke3 Bb1 {(offering draw)}  1/2-1/2

[Event "HCL-A2615"]
[Site "www.playchess.de"]
[Date "2006.03.01"]
[Round "9"]
[White "pop3dan"]
[Black "redstar"]
[WhiteElo "1763"]
[BlackElo "1674"]
[PlyCount "47"]
[Result "1-0"]

1.e4 c5 2.Nf3 e6 3.d4 cxd4 4.Nxd4 Nf6 5.Nc3 d6 
6.g4 Be7 7.g5 Nfd7 8.h4 Nc6 9.Be3 O-O 10.Qd2 a6 
11.O-O-O Qc7 12.Kb1 Nxd4 13.Qxd4 b5 14.h5 Ne5 
15.h6 Rd8 16.f4 f6 17.fxe5 dxe5 18.Qb6 Rxd1+ 
19.Nxd1 Qd7 20.Be2 fxg5 21.hxg7 Bb7 22.Bg4 Kxg7 
23.Bxe6 Qe8 24.Bf5 1-0

[Event "HCL-A2604"]
[Site "www.playchess.de"]
[Date "2006.03.01"]
[Round "1"]
[White "dynamike"]
[Black "badplayer"]
[WhiteElo "1457"]
[BlackElo "1572"]
[PlyCount "82"]
[Result "0-1"]

1.e4 c5 2.Nf3 d6 3.d4 cxd4 4.Nxd4 Nf6 5.Nc3 a6 
6.h3 h5 7.f4 b5 8.Bd3 Bb7 9.O-O b4 10.Nce2 Nxe4 
11.f5 Nc5 12.Nf4 Nxd3 13.Qxd3 Nd7 14.Nde6 Qb6+ 
15.Be3 Nc5 16.Qd4 fxe6 17.fxe6 Qc6 18.Rf2 Ne4 
19.Rf3 Rh6 20.Raf1 Ng5 21.Rg3 Nxe6 22.Nxe6 Rxe6 
23.Bg5 Re4 24.Qf2 O-O-O 25.a3 a5 26.axb4 axb4 
27.b3 Qb5 28.c3 Qc5 29.Be3 Qb5 30.Rc1 Kd7 31.Bd4 
Re2 32.Qf4 Qd5 33.Kf1 Rxg2 34.c4 Qc6 35.Qf5+ Kc7 
36.Qa5+ Kc8 37.Qf5+ Kb8 38.Ra1 Rxg3 39.Ba7+ Kc7 
40.Qa5+ Kd7 41.Qf5+ Ke8 0-1

[Event "HCL-M884"]
[Site "www.playchess.de"]
[Date "2006.03.01"]
[Round "8"]
[White "ragno"]
[Black "ipakris"]
[WhiteElo "2324"]
[BlackElo "2267"]
[PlyCount "69"]
[Result "1/2-1/2"]

1.e4 {hi, nice to meet you}  e5 {Hello again.Good 
luck !}  2.Nf3 Nc6 3.c3 d5 4.Qa4 Bd7 5.exd5 Nd4 
6.Qd1 Nxf3+ 7.Qxf3 Nf6 8.c4 Bc5 9.Nc3 O-O 10.d3 c6 
11.h3 cxd5 12.cxd5 Bb4 13.Be2 Qa5 14.Bd2 Rae8 
15.Rd1 Ba4 16.Rc1 e4 17.Qg3 exd3 18.Qxd3 Bxc3 
19.bxc3 Nxd5 20.O-O Qc7 21.Rfe1 Nf4 22.Bxf4 Qxf4 
23.Bf3 b6 24.Bd5 Rxe1+ 25.Rxe1 Re8 26.Rxe8+ Bxe8 
27.g3 Qe5 28.Kg2 h6 29.c4 Qe7 30.Qd2 Bd7 
{(offering draw)}  31.Qf4 {any afew move , please} 
 g5 32.Qb8+ Kg7 33.g4 Ba4 34.Qg3 f6 35.Qd3 
{(offering draw)}  1/2-1/2

[Event "HCL-A2611"]
[Site "www.playchess.de"]
[Date "2006.03.01"]
[Round "21"]
[White "quant"]
[Black "MimiSiku"]
[WhiteElo "1531"]
[BlackElo "1425"]
[PlyCount "55"]
[Result "1/2-1/2"]

1.e4 {Guten Tag,Viel Glück!}  e6 {Hallo! Schön, 
Dich wiederzusehen!}  2.d4 d5 3.e5 c5 4.c3 cxd4 
5.cxd4 Nc6 6.a3 Qb6 7.Nf3 Nge7 8.b4 Nf5 9.Bb2 a6 
10.Be2 Be7 11.O-O O-O 12.Qd3 Bd7 13.Rd1 Na7 14.Nc3 
Nb5 15.Nxb5 Bxb5 16.Qd2 Rac8 17.Rac1 h6 18.h3 Nh4 
19.Nxh4 Bxh4 20.Bxb5 Qxb5 21.Rc5 Rxc5 22.dxc5 Rc8 
23.Rc1 Bg5 24.f4 Be7 25.Kh2 a5 26.Bd4 axb4 27.axb4 
Ra8 28.Ra1 {(offering draw)}  1/2-1/2

[Event "HCL-E1512"]
[Site "www.playchess.de"]
[Date "2006.03.01"]
[Round "4"]
[White "kanturali"]
[Black "Groucho_hunter"]
[WhiteElo "1945"]
[BlackElo "1777"]
[PlyCount "97"]
[Result "1-0"]

1.e4 d5 {greetings from Stuttgart, wish a good 
game!}  2.exd5 Nf6 3.Bb5+ Bd7 4.Bc4 Bg4 5.Nf3 Nxd5 
6.h3 Bh5 7.d4 e6 8.O-O Be7 9.Nbd2 Nd7 10.Ne4 N7f6 
11.Ng3 Qd6 12.Nxh5 Nxh5 13.Ne5 g6 14.Be2 Ng7 15.c4 
Nf6 16.c5 Qd8 17.Bf3 c6 18.b4 O-O 19.b5 Nd7 
20.Nxd7 Qxd7 21.bxc6 bxc6 22.Qa4 Rfc8 23.Rd1 Rab8 
24.Bf4 Rb7 25.Be2 a6 26.Qxa6 Ra7 27.Qc4 Rca8 28.a4 
Bd8 29.Bf3 Nf5 30.g4 Ne7 31.Rdb1 Ba5 32.Be5 Bd2 
33.Rb6 Nd5 34.Bxd5 exd5 35.Qb3 Rf8 36.Rb8 Ra8 
37.Rxf8+ Kxf8 38.Qb6 Ba5 39.Qb2 Bd8 40.Qd2 f6 
41.Bd6+ Kg7 42.Qe2 Ra7 43.Bf4 h5 44.Bd2 hxg4 
45.hxg4 Ba5 46.f3 Qc7 47.Kg2 Rb7 48.Rh1 Rb2 
49.Bh6+ 1-0

[Event "HCL-B3888"]
[Site "www.playchess.de"]
[Date "2006.03.01"]
[Round "19"]
[White "odin"]
[Black "IRONMAIDEN"]
[WhiteElo "1218"]
[BlackElo "1268"]
[PlyCount "71"]
[Result "1/2-1/2"]

1.e4 {hello Dicknson}  e5 {hi, who`s Dicknson?}  
2.Nf3 {singer \bruce dickinson}  Nc6 {oh,sorry! 
you`re into metal, but I`m no singer, I`m 
guitar-player...}  3.Bc4 {playng like Malmsteen}  
Nf6 {yep. or steve morse}  4.d3 {good,im playing 
too}  Bc5 {yesterday I saw Alice Cooper with Deep 
Purple here, was great}  5.O-O {waouw....}  O-O 
6.Nc3 {24 feb. Rockcafe U.D.O.}  d6 {cool, german 
band}  7.h3 {yes,it is}  Nd4 8.Nxd4 Bxd4 9.Be3 g6 
10.Bh6 Re8 11.Rb1 c6 12.Ne2 Nh5 13.c3 Bb6 14.Kh1 
Be6 15.Bxe6 Rxe6 16.f4 a6 17.fxe5 Rxe5 18.Nf4 Qh4 
19.Nxh5 Rxh5 20.Bf4 Bc7 21.Qf3 Qe7 22.Rbe1 Re8 
23.d4 Qd7 24.Qg3 Re6 25.Qg4 Qe7 26.Qf3 Bd8 27.e5 
dxe5 28.Rxe5 Rhxe5 29.Bxe5 f5 30.Qg3 b6 31.Rxf5 b5 
32.Rf1 Qe8 33.Bc7 Bf6 34.Be5 Bxe5 35.dxe5 Rxe5 
36.b3 {(offering draw)}  1/2-1/2

[Event "HCL-E1574"]
[Site "www.playchess.de"]
[Date "2006.03.01"]
[Round "9"]
[White "Maillard"]
[Black "golddim"]
[WhiteElo "1525"]
[BlackElo "1469"]
[PlyCount "36"]
[Result "0-1"]

1.Nf3 {Bonne partie!}  c5 {Gracias}  2.c4 Nc6 
3.Nc3 Nf6 4.d4 e6 5.b3 cxd4 6.Nxd4 Bb4 7.Qd3 Qa5 
8.Bd2 O-O 9.f3 e5 10.Nxc6 dxc6 11.e4 Be6 12.Qc2 
Rfd8 13.Bd3 Rd4 14.O-O Rad8 15.Bg5 Bxc3 16.Bxf6 
gxf6 17.Rfd1 Bxa1 18.Rd2 {merci pour la partie!}  
Qb6 {Pardon, I don't speak French. The pleasure 
was all mine.}  0-1

[Event "HCL-B3851"]
[Site "www.playchess.de"]
[Date "2006.03.01"]
[Round "2"]
[White "pegasus"]
[Black "aquiles"]
[WhiteElo "1131"]
[BlackElo "1479"]
[PlyCount "49"]
[Result "1-0"]

1.e4 {hello good luck}  e5 2.d4 exd4 3.Qxd4 Nc6 
4.Qe3 Nf6 5.e5 Ng4 6.Qf4 Ngxe5 7.Nc3 d6 8.Bb5 Ng6 
9.Qe3+ Be7 10.Nd5 O-O 11.Qg3 Bf6 12.Nf3 Nd4 
13.Nxd4 Bxd4 14.O-O c6 15.Bd3 cxd5 16.c3 Be5 17.f4 
Bf6 18.f5 Ne5 19.Bh6 Nxd3 20.Bxg7 Bg5 21.f6 h6 
22.Bxh6 Kh7 23.Qxg5 Rg8 24.Qh5 Rg6 
25.Bg7+ 1-0

[Event "HCL-B3909"]
[Site "www.playchess.de"]
[Date "2006.03.01"]
[Round "3"]
[White "jackone"]
[Black "IRONMAIDEN"]
[WhiteElo "1212"]
[BlackElo "1203"]
[PlyCount "64"]
[Result "0-1"]

1.c4 c5 2.Nc3 Nc6 3.g3 Nf6 4.Bg2 e6 5.e3 Be7 
6.Nge2 O-O 7.d4 d5 8.cxd5 Nxd5 9.Nxd5 exd5 10.dxc5 
Bxc5 11.Bxd5 Bb4+ 12.Nc3 Qa5 13.Qd3 Rd8 14.O-O 
Bxc3 15.e4 Be5 16.Qf3 Bf6 17.Bg5 Ne5 18.Qh5 Bxg5 
19.Qxg5 Qc7 20.f4 Nd3 21.Rad1 Qb6+ 22.Kg2 Qxb2+ 
23.Kf3 Bh3 24.Rxd3 Bxf1 25.Bxf7+ Kxf7 {spannendes 
Spiel!}  26.Qf5+ Qf6 27.Rd7+ Rxd7 28.Qxd7+ Kg8 
29.Qxb7 Qc3+ 30.Kf2 Rd8 31.Kxf1 Qf3+ 32.Ke1 
Rd1+ 0-1

[Event "HCL-E1571"]
[Site "www.playchess.de"]
[Date "2006.03.01"]
[Round "29"]
[White "Harijs"]
[Black "mrchess"]
[WhiteElo "1846"]
[BlackElo "1502"]
[PlyCount "75"]
[Result "1-0"]

1.d4 {hi}  d5 {hello, good luck}  2.c4 c6 3.Nc3 e6 
4.Nf3 Nf6 5.Bg5 Be7 6.e3 O-O 7.cxd5 cxd5 8.Bd3 g6 
9.O-O a6 10.Rc1 Nc6 11.Qe2 Qc7 12.Ne5 Qd6 13.Nxc6 
bxc6 14.Na4 a5 15.Nb6 Rb8 16.Bf4 Qd8 17.Nxd5 cxd5 
18.Bxb8 Bd7 19.Bc7 Qa8 20.Bb6 Bd6 21.h3 Rb8 22.Bc7 
Bxc7 23.Rxc7 Rb7 24.Rfc1 Ne8 25.Rxb7 Qxb7 26.b3 
Nd6 27.Qc2 Kg7 28.Qc7 Qxc7 29.Rxc7 Be8 30.a4 h5 
31.Ra7 Ne4 32.Rxa5 Nd2 33.Bb5 Bxb5 34.Rxb5 Kf8 
35.Rb7 Ke8 36.b4 Ne4 37.a5 Nd6 
38.a6 1-0

[Event "HCL-C4127"]
[Site "www.playchess.de"]
[Date "2006.03.01"]
[Round "6"]
[White "spartan1"]
[Black "epenz"]
[WhiteElo "912"]
[BlackElo "980"]
[PlyCount "83"]
[Result "1-0"]

1.e4 e5 2.Nf3 Nc6 3.h3 Nf6 4.d4 exd4 5.Nxd4 Nxd4 
6.Qxd4 d6 7.Bc4 Be6 8.Be3 Be7 9.Nc3 O-O 10.e5 dxe5 
11.Qxd8 Rfxd8 12.Bxe6 fxe6 13.O-O c5 14.Bg5 Rd2 
15.Bxd2 c4 16.b3 cxb3 17.axb3 Bb4 18.Ra4 Bxc3 
19.Bxc3 e4 20.Bxf6 gxf6 21.Rxe4 e5 22.Rd1 Rc8 
23.c4 b6 24.Rd7 a5 25.Rb7 Rc6 26.Rh4 Rc8 27.Rxb6 
Kf7 28.Rxh7+ Kg6 29.Ra7 Kf5 30.Rxa5 Kg5 31.Raa6 
Rf8 32.c5 f5 33.Ra4 f4 34.f3 Rd8 35.Ra1 Rd2 36.c6 
Rc2 37.Rb5 Kf5 38.Rb6 Ke6 39.c7+ Kd7 40.Ra7 Rxc7 
41.Rxc7+ Kxc7 42.Re6 1-0

[Event "HCL-C4122"]
[Site "www.playchess.de"]
[Date "2006.03.01"]
[Round "7"]
[White "epenz"]
[Black "Foxlord"]
[WhiteElo "1030"]
[BlackElo "800"]
[PlyCount "133"]
[Result "1-0"]

1.e4 e5 2.Nf3 Nc6 3.d3 Nf6 4.Be2 Be7 5.O-O O-O 
6.h3 d5 7.exd5 Qxd5 8.b3 e4 9.Nh2 a5 10.c4 Qd4 
11.Qc2 Qxa1 12.Bb2 Qxa2 13.Na3 Nb4 14.Qc3 exd3 
15.Bxd3 b5 16.Ra1 Nxd3 17.Rxa2 Nxb2 18.Qxb2 b4 
19.Nc2 c5 20.Nf3 Nh5 21.Ra1 Bf6 22.Qc1 Bxa1 
23.Qxa1 Bd7 24.Ne3 a4 25.bxa4 Bxa4 26.Qe5 Nf6 
27.Qxc5 Rab8 28.Qa5 Bb3 29.c5 Be6 30.c6 Rfc8 
31.Ne5 Ne8 32.g4 b3 33.Nd1 f6 34.Nd7 Rba8 35.Qe5 
Bf7 36.Qc5 Ra6 37.Nb6 Raa8 38.Nxa8 Rxa8 39.Nb2 Rd8 
40.Kf1 Bd5 41.c7 Nxc7 42.Qxc7 Rf8 43.Qd6 Bf7 44.f4 
g6 45.Kg2 Re8 46.Kf2 Re6 47.Qd8+ Kg7 48.Qd7 g5 
49.f5 Ra6 50.Ke3 Ra2 51.Qd2 Be6 52.fxe6 Ra7 53.Qc3 
Rb7 54.Ke4 Kg6 55.Kd5 f5 56.Kd6 fxg4 57.hxg4 Rg7 
58.e7 Rg8 59.Kd7 Kf7 60.Qxb3+ Kg7 61.Qxg8+ Kxg8 
62.e8Q+ Kg7 63.Ke6 h6 64.Nd3 h5 65.gxh5 Kh6 66.Kf6 
g4 67.Qg6+ 1-0

[Event "HCL-M844"]
[Site "www.playchess.de"]
[Date "2006.03.01"]
[Round "30"]
[White "Munny"]
[Black "spidey"]
[WhiteElo "1767"]
[BlackElo "1897"]
[PlyCount "48"]
[Result "0-1"]

1.e4 {Hello and good luck!}  e6 {hi, good luck to 
you as well.}  2.d4 d5 3.Nc3 Nf6 4.Bg5 dxe4 5.Nxe4 
Be7 6.Bxf6 Bxf6 7.Nf3 Nd7 8.Qd2 O-O 9.O-O-O b6 
10.Bc4 Bb7 11.Rhe1 Bd5 12.Bd3 c5 13.c4 Bb7 14.dxc5 
Qe7 15.h4 Nxc5 16.Nxf6+ Qxf6 17.Bc2 Bxf3 18.gxf3 
Rac8 19.Reg1 Rfd8 20.Qe3 a5 21.Rde1 Rd4 22.Rg4 
Rcd8 23.Reg1 Rxg4 24.Rxg4 Rd6 0-1

[Event "HCL-B3840"]
[Site "www.playchess.de"]
[Date "2006.03.01"]
[Round "9"]
[White "Bense"]
[Black "BLUEFLASH"]
[WhiteElo "1089"]
[BlackElo "1200"]
[PlyCount "74"]
[Result "0-1"]

1.e4 {Hi,}  e6 2.d3 Nc6 3.Ne2 Bc5 4.d4 Bb6 5.c3 
Qf6 6.h4 Nh6 7.Nd2 Ng4 8.f3 Ne3 9.Qb3 O-O 10.Nc4 
Nxc4 11.Ng3 d5 12.Bg5 Qg6 13.Bxc4 dxc4 14.Qxc4 Rd8 
15.Ne2 Na5 16.Qd3 h6 17.Bxd8 Qxg2 18.Rg1 Qh2 19.b4 
Bd7 20.bxa5 Bxa5 21.Be7 Bc6 22.d5 Re8 23.Bb4 Bb6 
24.Rf1 exd5 25.Rf2 Qxf2+ 26.Kd1 Qf1+ 27.Kd2 Qxa1 
28.Qc2 dxe4 29.fxe4 Rxe4 30.Nc1 Be3+ 31.Kd1 Ba4 
32.Qxa4 Qxc1+ 33.Ke2 Qd2+ 34.Kf3 Rf4+ 35.Kg3 Qf2+ 
36.Kh3 Qf3+ 37.Kh2 Rxh4+ 0-1

[Event "HCL-B3817"]
[Site "www.playchess.de"]
[Date "2006.03.01"]
[Round "7"]
[White "Kannsnich"]
[Black "ArthurDent"]
[WhiteElo "1232"]
[BlackElo "980"]
[PlyCount "77"]
[Result "1-0"]

1.c4 e5 2.Nc3 Nf6 3.Nf3 Nc6 4.g3 d5 5.cxd5 Nxd5 
6.Bg2 Nxc3 7.bxc3 Bc5 8.O-O O-O 9.Bb2 Be6 10.d3 f5 
11.d4 e4 12.Nd2 Qg5 13.dxc5 Rad8 14.e3 f4 15.exf4 
Qxc5 16.Qc2 e3 17.Ne4 exf2+ 18.Qxf2 Qxf2+ 19.Nxf2 
Rd2 20.Ba3 Re8 21.Rfe1 b5 22.Bxc6 Red8 23.Rxe6 h6 
24.Re8+ Kf7 25.Rxd8 Rxd8 26.Rd1 Rf8 27.Bxf8 Kxf8 
28.Bxb5 a5 29.Ne4 Ke7 30.Rd7+ Ke6 31.Rxg7 c5 
32.Nxc5+ Kd5 33.Nb3 Ke4 34.c4 Kd3 35.c5+ Kc3 36.c6 
Kb2 37.c7 Kxa2 38.c8Q Kxb3 39.Rb7 1-0

[Event "HCL-B3849"]
[Site "www.playchess.de"]
[Date "2006.03.01"]
[Round "20"]
[White "Genesio"]
[Black "nico21"]
[WhiteElo "1091"]
[BlackElo "1512"]
[PlyCount "56"]
[Result "0-1"]

1.d4 {Welcome!}  d5 2.c4 e6 3.Nc3 Bb4 4.Bf4 Nf6 
5.Qc2 dxc4 6.e3 b5 7.a3 Bxc3+ 8.bxc3 Bb7 9.a4 a6 
10.axb5 axb5 11.Rxa8 Bxa8 12.Be2 Bxg2 13.Bf3 Bxh1 
14.Bxh1 O-O 15.Ne2 Nbd7 16.Ng3 c5 17.Bc6 cxd4 
18.exd4 Qa5 19.Ne4 Nxe4 20.Bxe4 Nf6 21.Bf3 Nd5 
22.Bd2 Qa1+ 23.Ke2 Ra8 24.Qc1 Qxc1 25.Bxc1 Ra1 
26.Bb2 Ra2 27.Bxd5 exd5 28.Kf3 
Rxb2 0-1

[Event "HCL-A2583"]
[Site "www.playchess.de"]
[Date "2006.03.01"]
[Round "10"]
[White "PLUTARCO"]
[Black "MBartl"]
[WhiteElo "2102"]
[BlackElo "1516"]
[PlyCount "49"]
[Result "1-0"]

1.e4 e5 2.f4 exf4 3.Nf3 g5 4.h4 g4 5.Ne5 Nf6 6.Bc4 
d5 7.exd5 Bd6 8.d4 Nh5 9.Nc3 O-O 10.Kf2 Bxe5 
11.dxe5 Qe7 12.Qd4 Nd7 13.Bxf4 Nxf4 14.Qxf4 Nxe5 
15.b3 Qc5+ 16.Qe3 Qxe3+ 17.Kxe3 Nxc4+ 18.bxc4 h5 
19.Nb5 Re8+ 20.Kd2 Re7 21.Rae1 Rxe1 22.Rxe1 c6 
23.Re8+ Kg7 24.Nd6 cxd5 25.cxd5 1-0

[Event "HCL-A2623"]
[Site "www.playchess.de"]
[Date "2006.03.01"]
[Round "6"]
[White "PhilipKaveny"]
[Black "ArturPinto"]
[WhiteElo "1324"]
[BlackElo "1700"]
[PlyCount "67"]
[Result "0-1"]

1.e4 d6 2.d4 Nf6 3.Bd3 Nc6 4.c3 e5 5.d5 Ne7 6.Nf3 
g6 7.O-O Bg7 8.Na3 O-O 9.h3 Ne8 10.Be3 f5 11.c4 
fxe4 12.Bxe4 Bf5 13.Bxf5 Nxf5 14.Rb1 Nxe3 15.fxe3 
Bh6 16.Qe2 c6 17.e4 Qb6+ 18.Kh1 Be3 19.dxc6 bxc6 
20.b4 Bf4 21.c5 Qb7 22.cxd6 Nxd6 23.b5 cxb5 
24.Nxb5 Qxe4 25.Qb2 {Very Nice move}  Nxb5 26.Qxb5 
Rfb8 27.Qxb8+ Rxb8 28.Rxb8+ Kg7 29.Rbb1 Qd5 30.a4 
e4 31.Nh4 Bg5 32.Rfd1 Qc6 33.Rb5 Bxh4 
34.Rdb1 0-1

[Event "HCL-E1465"]
[Site "www.playchess.de"]
[Date "2006.03.01"]
[Round "12"]
[White "Vinci"]
[Black "vhpower"]
[WhiteElo "1648"]
[BlackElo "1632"]
[PlyCount "133"]
[Result "1/2-1/2"]

1.e4 {Grüsse aus Zürich und ein schönes Spiel 
wünsch ich!}  e5 {danke und alles gute aus der 
nähe von berlin}  2.f4 exf4 3.Nf3 Be7 4.Bc4 Bh4+ 
5.Kf1 Nh6 6.d3 Ng4 7.Qe2 d6 8.Bxf4 Nc6 9.Nbd2 Nge5 
10.Nxe5 Nxe5 11.h3 Nxc4 12.Nxc4 Be6 13.Na5 b6 
14.Nc6 Qd7 15.Nd4 O-O 16.Nf3 Bf6 17.c3 Rfe8 18.Qf2 
Qb5 19.Qd2 Bd7 20.Kg1 Rad8 21.Kh2 Bc8 22.Rhf1 Ba6 
23.Rad1 h6 24.Nd4 Qd7 25.Nf5 Be5 26.g3 Bxf4 
27.gxf4 Kh7 28.Rfg1 Reg8 29.Rg2 Bc8 30.Qe3 g6 
31.Nd4 Rde8 32.Qg3 a5 33.f5 Ref8 34.Rf1 gxf5 
35.Qh4 Rxg2+ 36.Kxg2 fxe4 37.dxe4 Qe8 38.Kh2 Qe5+ 
39.Qf4 Qxf4+ 40.Rxf4 Kg6 41.Nb5 Be6 42.Nxc7 Bxa2 
43.Nb5 d5 44.Nd4 dxe4 45.Rxe4 Rd8 46.Kg3 Rd6 
47.Kf4 h5 48.Re8 Bb1 49.Ke5 Rd7 50.Rg8+ Kh7 51.Rb8 
Re7+ 52.Kf4 Kg6 53.Rxb6+ f6 54.Rb5 a4 55.Rb4 Ra7 
56.c4 Ba2 57.c5 a3 58.c6 axb2 59.Rxb2 Bd5 
{(offering draw)}  60.Rb5 {erlaube mir, noch ein 
wenig um den ligaerhalt zu kämpfen, wenngleich ich 
die situation auch als unentschieden einschätze 
;-)}  Bg2 {ok dann spielen wir weiter}  61.Nf3 
Bxh3 62.Nh4+ Kh6 63.Nf5+ Kg6 64.Nd4 Bg2 65.Rc5 Rc7 
66.Nf5 Kf7 67.Ne3 {(offering draw) das ist nicht 
zu gewinnen}  1/2-1/2

[Event "HCL-A2632"]
[Site "www.playchess.de"]
[Date "2006.03.01"]
[Round "5"]
[White "grannialex"]
[Black "vevivi"]
[WhiteElo "1840"]
[BlackElo "1833"]
[PlyCount "46"]
[Result "1/2-1/2"]

1.d4 d5 2.c4 e6 3.Nc3 Nf6 4.cxd5 exd5 5.Bg5 Nbd7 
6.e3 c6 7.Bd3 Bd6 8.Nf3 Nf8 9.Qc2 Ng6 10.O-O Bg4 
11.Nh4 Be6 12.Bf5 Nxh4 13.Bxh4 Bxf5 14.Qxf5 Qd7 
15.Qxd7+ Nxd7 16.Bg3 Bxg3 17.hxg3 Ke7 18.Rfe1 Nf6 
19.e4 dxe4 20.Nxe4 Nxe4 21.Rxe4+ Kd6 22.Rae1 Rad8 
23.f3 Rd7 {(offering draw)}  1/2-1/2

[Event "HCL-A2475"]
[Site "www.playchess.de"]
[Date "2006.03.01"]
[Round "9"]
[White "kali"]
[Black "Matu"]
[WhiteElo "1458"]
[BlackElo "1498"]
[PlyCount "100"]
[Result "0-1"]

1.e4 d5 2.exd5 Qxd5 3.Nc3 Qa5 4.Nf3 Nf6 5.Bc4 Bg4 
6.O-O e6 7.a3 c6 8.h3 Bh5 9.d3 Nbd7 10.Be3 Bd6 
11.Na2 b5 12.Bb3 Nc5 13.Nc3 Nxb3 14.cxb3 Qc7 
15.Rc1 Qb7 16.Nb1 Rc8 17.Nc3 b4 18.axb4 Bxb4 
19.Ne4 Nxe4 20.dxe4 O-O 21.Bc5 Rfd8 22.Qe2 Rd2 
23.Qe3 Bxf3 24.gxf3 Bxc5 25.Qxd2 Be7 26.Qd3 Bf6 
27.Rc2 c5 28.Rd1 g6 29.Qe2 Qxb3 30.Rcd2 c4 31.Ra1 
c3 32.bxc3 Bxc3 33.Rd3 Qb7 34.Rc1 Be5 35.Rxc8+ 
Qxc8 36.Qd1 Qc5 37.Qa4 a5 38.Rd8+ Kg7 39.Kg2 Qb4 
40.Qe8 Bf4 41.Qh8+ Kh6 42.Qf6 Bg5 43.Qd4 Bxd8 
44.Qxd8 Kg7 45.Kg3 a4 46.Qa8 a3 47.e5 Qb2 48.Qe4 
Qc1 49.Kh2 a2 50.Qh4 g5 0-1

[Event "HCL-A2505"]
[Site "www.playchess.de"]
[Date "2006.03.01"]
[Round "19"]
[White "kali"]
[Black "jjn2"]
[WhiteElo "1449"]
[BlackElo "1741"]
[PlyCount "76"]
[Result "0-1"]

1.e4 c5 2.Nf3 d6 3.d4 cxd4 4.Nxd4 Nf6 5.Nc3 g6 
6.Be3 Bg7 7.Bd3 O-O 8.O-O Nc6 9.Nxc6 bxc6 10.h3 d5 
11.e5 Nh5 12.f4 d4 13.Bd2 dxc3 14.Bxc3 Ng3 15.Rf3 
Qb6+ 16.Kh2 Nf5 17.Bxf5 Bxf5 18.Qe2 Rad8 19.Rd1 
Rxd1 20.Qxd1 Rd8 21.Qe2 Qb5 22.Qxb5 cxb5 23.Rf2 h5 
24.Kg3 a6 25.Ba5 Rd1 26.b3 f6 27.exf6 exf6 28.c3 
Be4 29.Re2 f5 30.Kf2 Bf6 31.g3 h4 32.g4 fxg4 
33.hxg4 h3 34.Kg3 Rd3+ 35.Kh2 Bf3 36.Re6 Bxg4 
37.Rxf6 Rd2+ 38.Kg1 h2+ 0-1

[Event "HCL-A2482"]
[Site "www.playchess.de"]
[Date "2006.03.01"]
[Round "33"]
[White "Genesio"]
[Black "kali"]
[WhiteElo "1130"]
[BlackElo "1456"]
[PlyCount "61"]
[Result "1-0"]

1.e4 {Welcome!}  e5 {Same to you!}  2.Nf3 {Ciao!}  
Nc6 {Welcome to the game!}  3.c3 Nf6 4.d4 exd4 
5.cxd4 Bb4+ 6.Nc3 O-O 7.Bd3 d6 8.Bd2 Bg4 9.d5 Ne5 
10.Be2 Bxc3 11.Bxc3 Nxf3+ 12.Bxf3 Bxf3 13.Qxf3 Qe7 
14.O-O Rae8 15.Rfe1 Qd7 16.Bxf6 gxf6 17.Re3 Re5 
18.Rd1 Rfe8 19.Qxf6 R5xe4 20.Rg3+ Rg4 21.Rxg4+ 
Qxg4 22.Rf1 Re5 23.Qd8+ Kg7 24.h3 Qh5 25.Qxc7 Rg5 
26.Qc3+ Kg6 27.f4 Rxd5 28.Qg3+ Kh6 29.Re1 Rd1 
30.Qg5+ Qxg5 31.fxg5+ 1-0

[Event "HCL-C4122"]
[Site "www.playchess.de"]
[Date "2006.03.02"]
[Round "10"]
[White "Saint70"]
[Black "epenz"]
[WhiteElo "800"]
[BlackElo "1030"]
[PlyCount "84"]
[Result "0-1"]

1.e4 e5 2.Na3 Nf6 3.Nf3 d6 4.c3 Nc6 5.Nc4 Nxe4 
6.Ncxe5 dxe5 7.d4 f6 8.Qd3 Nd6 9.d5 Ne7 10.c4 Bd7 
11.Nd2 c6 12.c5 Nf7 13.dxc6 Bxc6 14.Nc4 Nd5 15.Qh3 
Bxc5 16.Be3 Bxe3 17.fxe3 O-O 18.Bd3 h6 19.e4 Nf4 
20.Qf3 Nxd3+ 21.Kf1 Ng5 22.Qe2 Nf4 23.Qc2 Bxe4 
24.Qb3 Bd3+ 25.Ke1 Nxg2+ 26.Kf2 Be4 27.Rhd1 Nh3+ 
28.Qxh3 Qc7 29.Qb3 Qc5+ 30.Kg3 b5 31.Nd2+ Kh8 
32.Nxe4 Qe3+ 33.Kxg2 Qxe4+ 34.Kf1 Rfd8 35.Rxd8+ 
Rxd8 36.Qf7 Qf3+ 37.Ke1 Qh1+ 38.Kf2 Qxa1 39.Qe7 
Qxb2+ 40.Kg3 Rd3+ 41.Kh4 Qxh2+ 42.Kg4 
Qh3+ 0-1

[Event "HCL-E1575"]
[Site "www.playchess.de"]
[Date "2006.03.02"]
[Round "10"]
[White "Duffy"]
[Black "pawnstorm"]
[WhiteElo "1612"]
[BlackElo "1507"]
[PlyCount "91"]
[Result "1/2-1/2"]

1.d4 Nf6 2.c4 c5 3.d5 Ne4 4.Nf3 Qa5+ 5.Nbd2 g6 
6.e3 Bg7 7.Bd3 Nxd2 8.Bxd2 Qc7 9.Rb1 O-O 10.O-O d6 
11.Qc2 Bd7 12.Bc3 a6 13.Bxg7 Kxg7 14.h4 b5 15.b3 
Bg4 16.Nh2 bxc4 17.bxc4 Bd7 18.h5 e5 19.hxg6 hxg6 
20.Rb2 a5 21.Rfb1 Ra7 22.R2b6 Na6 23.R6b2 Rb8 
24.R2xb8 Nxb8 25.Nf3 Na6 26.a3 Rb7 27.Nd2 Qb8 
28.Ne4 Rxb1+ 29.Qxb1 Qc7 30.Nc3 f5 31.Nb5 Qb6 
32.f3 Nc7 33.Kf2 Bxb5 34.cxb5 Nxd5 35.Bc4 Nc7 
36.Qb3 Kf6 37.a4 Qb7 38.Qc3 d5 39.Ba2 Qb6 40.f4 d4 
41.fxe5+ Kxe5 42.exd4+ cxd4 43.Qg3+ Kf6 44.Qh4+ 
Kg7 45.Qe7+ Kh6 46.Qh4+ {(offering draw)} 
 1/2-1/2

[Event "HCL-B3866"]
[Site "www.playchess.de"]
[Date "2006.03.02"]
[Round "8"]
[White "cheloveck"]
[Black "CYTO"]
[WhiteElo "1131"]
[BlackElo "1197"]
[PlyCount "105"]
[Result "1-0"]

1.e4 c5 {hello}  2.d4 cxd4 3.Qxd4 Nc6 4.Qd1 d6 
5.Nc3 Nf6 6.Bg5 e5 7.Bc4 a6 8.Nd5 Be7 9.Nxe7 Qxe7 
10.Qf3 Nd4 11.Qd3 b5 12.Bd5 Rb8 13.c3 Ne6 14.Bxf6 
Qxf6 15.Bc6+ Bd7 16.Qxd6 Rd8 17.O-O-O Qe7 18.Nf3 
Qxd6 19.Rxd6 Bxc6 20.Rxc6 Ra8 21.Nxe5 f6 22.Rxe6+ 
Kf8 23.Nd7+ Kf7 24.Nc5 Rhc8 25.b4 Rxc5 26.Rxf6+ 
Kxf6 27.bxc5 Rc8 28.f3 Rxc5 29.Kc2 b4 30.Kb3 bxc3 
31.Rc1 Rb5+ 32.Kxc3 a5 33.Kd3 Rb2 34.Rc2 Rb5 35.g3 
g5 36.a4 Rb3+ 37.Rc3 Rb4 38.Rc6+ Kg7 39.Rc7+ Kg6 
40.Rc6+ Kf7 41.Rc4 Rb2 42.Rc5 Rxh2 43.Rxg5 Rh3 
44.f4 h5 45.e5 h4 46.Rh5 Rxg3+ 47.Ke4 h3 48.Kf5 
Ra3 49.e6+ Kg7 50.Rg5+ Kf8 51.Kf6 h2 52.e7+ Ke8 
53.Rg8+ 1-0

[Event "HCL-A2543"]
[Site "www.playchess.de"]
[Date "2006.03.02"]
[Round "22"]
[White "alvimrf"]
[Black "hal1958"]
[WhiteElo "1784"]
[BlackElo "1483"]
[PlyCount "140"]
[Result "0-1"]

1.c4 Nf6 {have a nice game}  2.d4 c5 3.Nf3 e6 
4.Bg5 Nc6 5.Nc3 a6 6.d5 exd5 7.Nxd5 Be7 8.e3 O-O 
9.Bd3 Nxd5 10.cxd5 Bxg5 11.dxc6 dxc6 12.Qc2 Qa5+ 
13.Qc3 Qxc3+ 14.bxc3 Bf6 15.Rc1 b5 16.O-O Be6 
17.a3 Rad8 18.Rfd1 c4 19.Be2 Rxd1+ 20.Bxd1 Rd8 
21.Nd4 c5 22.Nxe6 fxe6 23.Bg4 Kf7 24.Kf1 Rd3 25.h3 
Rxc3 26.Rxc3 Bxc3 27.Ke2 Bb2 28.Kd2 Bxa3 29.Bf3 a5 
30.Bc6 b4 31.Bb5 c3+ 32.Kd3 Ke7 33.Ba4 Kd6 34.g4 
e5 35.e4 Bc1 36.h4 Bf4 37.Kc4 g6 38.Kb5 Bh2 39.h5 
Bg1 40.hxg6 hxg6 41.f3 Be3 42.Kxa5 Ke6 43.Kb5 Kf6 
44.Kc4 Kg5 45.Kd3 Bd4 46.Bb3 Kf4 47.Bd1 g5 48.Bc2 
Kxf3 49.Bd1+ Kf2 50.Bb3 Ke1 51.Bc2 {(offering 
draw)}  c4+ 52.Kxc4 Kd2 53.Kb3 Bc5 54.Bb1 Ke3 
55.Bc2 Bd6 56.Kc4 Kf4 57.Bd1 Kxe4 58.Ba4 Kf4 
59.Kd3 e4+ 60.Ke2 Bc5 61.Bd1 Kxg4 62.Bc2 Kf4 
63.Ba4 g4 64.Bc2 g3 65.Kf1 e3 66.Ke2 g2 67.Bg6 g1Q 
68.Be4 b3 69.Kd3 c2 70.Bd5 Qd1+ 0-1

[Event "ACL-T170"]
[Site "www.playchess.de"]
[Date "2006.03.02"]
[Round "9"]
[White "Lullo"]
[Black "puddschini"]
[WhiteElo "2183"]
[BlackElo "1974"]
[PlyCount "25"]
[Result "1-0"]

1.d4 d5 2.c4 e6 3.Nf3 Nf6 4.Nc3 {Hi, have a nice 
game}  Nbd7 {Hi, enjoy the game.}  5.Bf4 dxc4 6.e3 
Nd5 7.Bxc4 Nxf4 8.exf4 Nb6 9.Bb3 Bd6 10.g3 O-O 
11.O-O Bd7 12.Ne5 Bxe5 13.dxe5 1-0